01070nam a22002775a 450000500170000000800410001702000180005802000150007604000280009108200200011910000270013924500990016625000440026526000550030930000460036450000240041050400310043465000410046565000460050665100100055265300350056270000290059794200080062699900170063495201410065120201128021437.0150727s2009 nyua frb 001 0 eng d a9780071272377 a0071272372 aEG-ScBUEbengcEG-ScBUE04222a651.7 bLOC1 aLocker, Kitty O.9116710aBusiness communication :bbuilding critical skills / cKitty O. Locker, Stephen Kyo Kaczmarek. 34th ed., McGraw-Hill international ed.  aNew York : bMcGraw-Hill Higher Education, c2009. axxviii, 576 p. : bill. (col.) ; c28 cm. aIndex : p. 561-576. aBibliography : p. 550-557. 72BUEshaBusiness communication.93738 7aCommunication in management.911662BUEsh 2BUEsh bBUSADMcJuly2015cDecember20151 aKaczmarek, Stephen Kyo,  2ddc c20363d20335 00102ddc40708BaccahaMAINbMAINc1STd2015-07-27ePurchaseg264.00h21758l0o651.7 LOCp000030652r2025-07-15 00:00:00v330.00yBB